Szczegóły MARC21

Visionen dichterischen "Mündigwerdens" : poetologische Perspektiven auf Robert Musil, Rainer Maria Rilke und Walter Benjamin /

003 -Nazwa inst., której nr kontr. jest w polu 001 [,]
    • @
    • Nazwa instytucji, której n kontrolny jest w polu 001
    • NUKAT
005 -DATA I CZAS OSTATNIEJ MODYFIKACJI [,]
    • @
    • pole kontrolne
    • 20250315033842.0
020 -Międzynarod. znormalizowany nr książki - ISBN [ , ]
    • a
    • Numer ISBN
    • 9783484321342 Find
040 -Instytucja sporządzająca opis [ , ]
    • a
    • Instytucja, która sporządziła opis (NP)
    • OLSZT 003/bak
    • c
    • Instytucja, która sporządziła rekord (NP)
    • OLSZT 003/baks
942 -Rodzaj dokumentu [ , ]
    • c
    • Rodzaj dokumentu
    • Książka
100 -Hasło główne - nazwa osobowa [1, ]
    • a
    • Nazwa osobowa (NP)
    • Nurmi-Schomers, Susan.
    • 9
    • KHW
    • 478532
245 -Strefa tytułu i oznaczenia odpowiedzialności [1,0]
    • a
    • Tytuł
    • Visionen dichterischen "Mündigwerdens" : Find
    • b
    • Ciąg dalszy tytułu (NP)
    • poetologische Perspektiven auf Robert Musil, Rainer Maria Rilke und Walter Benjamin / Find
    • c
    • Pozostałe elementy strefy tytułu i oznaczenia odpowiedzialności (NP)
    • Susan Nurmi-Schomers.
260 -Strefa adresu wydawniczego [ , ]
    • a
    • Miejsce wydania (P)
    • Tübingen :
    • b
    • Nazwa wydawcy (P)
    • Max Niemeyer Verlag,
    • c
    • Data wydania (P)
    • 2008.
300 -Strefa opisu fizycznego [ , ]
    • a
    • Określenie formy książki i/lub objętość (NP)
    • VII, [1], 344 s. ;
    • c
    • Format (NP)
    • 22 cm.
336 -Typ zawartości [ , ]
    • a
    • Termin opisujący typ zawartości
    • Tekst
    • b
    • Kod określający zawartość
    • txt
    • 2
    • Źródło (terminu i kodu)
    • rdacontent
337 -Typ mediów [ , ]
    • a
    • Tryb odtwarzania
    • Bez urządzenia pośredniczącego
    • b
    • Kod typu mediów
    • n
    • 2
    • Źródło (terminu i kodu)
    • rdamedia
338 -Typ/rodzaj nośnika [ , ]
    • a
    • Hasło opisujące typ nośnika
    • Wolumin
    • b
    • Kod typu nośnika
    • nc
    • 2
    • Źródło (terminu i kodu)
    • rdacarrier
490 -Strefa serii i książki wielotomowej - forma nie do wyszukiwania [1, ]
    • a
    • Tytuł (P)
    • Untersuchungen zur Deutschen Literaturgeschichte, Find
    • x
    • ISSN (NP)
    • 0083-4564 ;
    • v
    • Numeracja (P)
    • Bd. 134
830 -Hasło dodatkowe serii i opisu książki wielotomowej - tytuł ujednolicony/tytuł [ ,0]
    • a
    • Tytuł ujednolicony/tytuł (NP)
    • Untersuchungen zur Deutschen Literaturgeschichte
    • x
    • ISSN
    • 0083-4564
    • v
    • Oznaczenie tomu (NP)
    • Bd. 134
    • 9
    • KHW
    • 440702
504 -Uwaga dot. bibliogr. załącznikowej [ , ]
    • a
    • Uwaga dot. bibliografii załącznikowej
    • Bibliogr. s. 335-344.
600 -Hasło przedmiotowe w formie nazwy osobowej [1,7]
    • a
    • Nazwa osobowa
    • Benjamin, Walter
    • d
    • Daty związane z nazwą
    • (1892-1940).
    • t
    • Tytuł
    • Berliner Kindheit um neunzehnhundert
    • 2
    • Źródło terminu
    • kaba
    • 9
    • KHW
    • 329981
600 -Hasło przedmiotowe w formie nazwy osobowej [1,7]
    • a
    • Nazwa osobowa
    • Musil, Robert
    • d
    • Daty związane z nazwą
    • (1880-1942).
    • t
    • Tytuł
    • Verwirrungen des Zöglings Törless
    • 2
    • Źródło terminu
    • kaba
    • 9
    • KHW
    • 326369
600 -Hasło przedmiotowe w formie nazwy osobowej [1,7]
    • a
    • Nazwa osobowa
    • Rilke, Rainer Maria
    • d
    • Daty związane z nazwą
    • (1875-1926).
    • t
    • Tytuł
    • Aufzeichnungen des Malte Laurids Brigge
    • 2
    • Źródło terminu
    • kaba
    • 9
    • KHW
    • 324165
650 -Hasło przedmiotowe [ ,7]
    • a
    • Hasło przedmiotowe
    • Wspomnienie
    • x
    • Określnik rzeczowy
    • w literaturze.
    • 2
    • Źródło terminu
    • kaba
    • 9
    • KHW
    • 367211
710 -Hasło dodatkowe - nazwa ciała zbiorowego [2, ]
    • a
    • Nazwa ciała zbiorowego lub nazwa geograficzna jako pierwszy element (NP)
    • Max Niemeyer Verlag.
    • 4
    • Kod relacji
    • pbl
    • 9
    • KHW
    • 60393
920 -ISBN [ , ]
    • a
    • ISBN
    • 978-3-484-32134-2 Find
Sygnatura Numer inwentarzowy Status udost. Data inwentaryzacji Lokalizacja
Germ. Literaturoznawstwo 34G.20017-32019-02-18BM